| 000 | 01025nam a2200289 i 4500 | ||
|---|---|---|---|
| 003 | DO-SdBNP | ||
| 005 | 20260220111724.0 | ||
| 007 | ta | ||
| 008 | 230417e2005 dr a|||gr|||| 001 edspa d | ||
| 020 | _a9993494070 | ||
| 040 |
_aDO-SdBNP _bspa _cBNPHU |
||
| 082 | 4 |
_222 _bG731a |
|
| 245 | 1 | 3 |
_aEl arte de la prudencia. / _cBaltazar Gracián |
| 264 |
_aSanto Domingo : _bBanco de Reservas de la República Dominicana, _c2005 |
||
| 300 |
_a305 páginas : _bIlustraciones ; _c14 cm. |
||
| 336 |
_2rdaconten _atexto _btxt |
||
| 337 |
_2rdamedia _asin medición _bn |
||
| 338 |
_2rdacarrier _avolumen _bnc |
||
| 500 | _aIncluye datos biográficos del autor en las páginas 13 - 23 | ||
| 500 | _aPortada: Obra de Yoryi Morel, Campesino colando café; óleo sobre carbón, 1974. | ||
| 590 | _aInventariado 2023 / MF | ||
| 650 | 4 |
_aPrudencia _926973 |
|
| 650 | 0 |
_aAforismos y apotegmas _983268 |
|
| 650 | 7 |
_aConducta de vida _xCitas, máximas, etc. _911947 _2LIBRUNAM |
|
| 650 | 4 |
_aAforismos y apotegma _926976 |
|
| 942 |
_2ddc _cLBS1 |
||
| 999 |
_c53288 _d53288 |
||